00615nam a2200217Ia 4500003000400000005001700004006001800021007000300039008004100042024001000083037001100093040001800104041001300122100002600135110006200161245004400223260000900267650002100276700003800297700006200335OSt20220930073456.0a|||||r|||| 00| 0ta220926b |||||||| |||| 00| 0 hin d a32506 cTheses aCRLcCRLbhin 2hinahin aBhardwaj Syama Prasad aUniversity of Delhi. Faculty of Arts. Department of Hindi 0aUttrakhand ke madhya kaleen hindi kavya c1975 aHINDI LITERATURE a Dr Ganga Prasad Vimal Supervisor aUniversity of Delhi. Faculty of Arts. Department of Hindi